[Event "Xtracon Chess Open 2018"]
[Site "Elsinore"]
[Date "2018.07.21"]
[Round "1"]
[White "Ufnarovski, Victor"]
[Black "Jacobsen, Mikkel Manosri"]
[Result "0-1"]
[WhiteElo "1854"]
[BlackElo "2320"]
[EventDate "2018.07.21"]
[WhiteFideId "1743856"]
[BlackFideId "1444514"]

1.d4 Nf6 2.c4 e6 3.Nc3 Bb4 4.Qc2 d5 5.a3 Be7 6.Bg5 a6 7.c5 Nc6 8.Nf3 h6 9.
Bf4 g5 10.Be5 g4 11.Nd2 Nxe5 12.dxe5 Nd7 13.Qa4 Bxc5 14.Nb3 Ba7 15.Qxg4 
Qg5 16.Qxg5 hxg5 17.e4 c6 18.f3 Nxe5 19.O-O-O Bd7 20.Be2 O-O-O 21.g3 f5 
22.Kc2 fxe4 23.fxe4 Be8 24.h4 gxh4 25.gxh4 Bg6 26.h5 Bh7 27.Rh4 Bf2 28.Rh2
Rhf8 29.Rf1 dxe4 30.Nd2 e3+ 31.Nde4 Rf4 32.Kc1 Bxe4 33.Nxe4 Rxe4 34.h6 Rf4
35.h7 Rh8 36.Rh6 Kd7 37.Rd1+ Ke7 38.Rh5 Nf3 39.Bd3 Nd4 40.Rdh1 e2 41.Kd2 
e1=Q+ 42.Rxe1 Bxe1+ 43.Kxe1 Nf5 0-1

[Event "Xtracon Chess Open 2018"]
[Site "Elsinore"]
[Date "2018.07.21"]
[Round "1"]
[White "Dishman, Stephen"]
[Black "Dahl, Max"]
[Result "0-1"]
[WhiteElo "2320"]
[BlackElo "1848"]
[EventDate "2018.07.21"]
[WhiteFideId "403024"]
[BlackFideId "1526626"]

1.d4 Nf6 2.Bg5 Ne4 3.Bf4 d5 4.e3 e6 5.Bd3 Nf6 6.Nd2 Bd6 7.Bg3 c5 8.c3 Nc6 
9.Ngf3 Bxg3 10.hxg3 Qd6 11.dxc5 Qxc5 12.c4 h6 13.a3 dxc4 14.Nxc4 O-O 15.b4
Qe7 16.Qc2 a6 17.Rd1 Rd8 18.Qb2 b5 19.Nb6 Rb8 20.Nxc8 Rbxc8 21.O-O Nd7 22.
Be2 Nb6 23.Rxd8+ Qxd8 24.Rd1 Qf6 25.Qxf6 gxf6 26.g4 Kf8 27.Kh2 Ke7 28.Kg3 
Nd5 29.Rh1 Rh8 30.Rc1 Kd6 31.Nd2 f5 32.gxf5 exf5 33.Nb3 Ne5 34.f4 Rg8+ 35.
Kf2 Ng4+ 36.Bxg4 fxg4 37.Rd1 f5 38.Nd4 Rf8 39.Rh1 Nc3 40.Rxh6+ Kd5 41.Rxa6
Kc4 42.Ne6 Re8 43.Rc6+ Kd3 44.Rd6+ Kc4 45.Nc5 Nd5 46.Re6 Ra8 47.Na6 Nc3 
48.Rc6+ Kb3 49.Ke1 Re8 50.Re6 Rd8 51.Re5 g3 52.Nc5+ Kxa3 0-1

[Event "Xtracon Chess Open 2018"]
[Site "Elsinore"]
[Date "2018.07.21"]
[Round "1"]
[White "Stam, Bart"]
[Black "Hobber, Anders"]
[Result "0-1"]
[WhiteElo "1845"]
[BlackElo "2312"]
[EventDate "2018.07.21"]
[WhiteFideId "1006240"]
[BlackFideId "1505424"]

1.e4 e6 2.d4 d5 3.Nc3 Nf6 4.Bg5 dxe4 5.Nxe4 Be7 6.Bxf6 gxf6 7.Nf3 b6 8.
Bb5+ c6 9.Bd3 Bb7 10.Qe2 Qc7 11.O-O-O Nd7 12.Kb1 O-O-O 13.Ba6 Rhg8 14.g3 
Kb8 15.Bxb7 Qxb7 16.Rhe1 Rge8 17.c3 Qc7 18.Qc4 Nf8 19.h4 Qd7 20.Qb3 Qd5 
21.c4 Qf5 22.Ka1 Nd7 23.Re3 Qa5 24.c5 b5 25.Qc2 Qc7 26.Nc3 f5 27.Rde1 Nf6 
28.Ne5 Rxd4 29.Nxf7 Bxc5 30.Ng5 Rc4 31.Nxe6 Qb6 32.Nxc5 Rxe3 33.Rxe3 Qxc5 
34.Qd2 Nd5 35.Re8+ Kb7 36.a3 Rxc3 37.bxc3 Qxa3+ 38.Kb1 Nxc3+ 39.Kc2 Nd5 
40.Kd1 Qa1+ 41.Ke2 b4 42.Re7+ Kb6 43.Rxh7 b3 44.Qd3 Nc3+ 45.Kd2 Ne4+ 46.
Ke3 Qe1+ 47.Kf4 Qxf2+ 48.Ke5 Nc5 49.Qd8+ Kb5 50.Rxa7 Qxg3+ 51.Kxf5 Qf3+ 
52.Kg6 Qg4+ 53.Kh7 Qh5+ 54.Kg8 Qg6+ 55.Kh8 Kc4 56.h5 Qxh5+ 57.Rh7 Qe5+ 58.
Kg8 Qd5+ 0-1

[Event "Xtracon Chess Open 2018"]
[Site "Elsinore"]
[Date "2018.07.21"]
[Round "1"]
[White "Rydstrom, Tom"]
[Black "Agustsson, Hafsteinn"]
[Result "1-0"]
[WhiteElo "2307"]
[BlackElo "1844"]
[EventDate "2018.07.21"]
[WhiteFideId "1714830"]
[BlackFideId "2302047"]

1.d4 d5 2.Nf3 Nf6 3.Bf4 e6 4.c3 c5 5.e3 Be7 6.Nbd2 Nbd7 7.h3 O-O 8.Bd3 b6 
9.O-O Bb7 10.Qc2 c4 11.Be2 b5 12.Bh2 Qb6 13.b3 Bc6 14.bxc4 bxc4 15.e4 Ba3 
16.exd5 exd5 17.Ne5 Bb5 18.Nxd7 Nxd7 19.Bf3 Bd6 20.Rfe1 Bxh2+ 21.Kxh2 Qd6+
22.g3 Rae8 23.Qf5 Nf6 24.Re5 Bc6 25.Bg2 Nd7 26.Ree1 Re6 27.Nf3 g6 28.Qg5 
Rfe8 29.Rxe6 Rxe6 30.Qd8+ Kg7 31.Kg1 Nf6 32.Qxd6 Rxd6 33.Ne5 Ba4 34.g4 Nd7
35.Re1 f6 36.Nxd7 Rxd7 37.Re8 Bc6 38.Rc8 Bb7 39.Rc5 Kf7 40.Kf1 Ke7 41.Ra5 
Bc6 42.Ke2 Kd6 43.Kd2 Re7 44.Bf3 Rd7 45.h4 Rb7 46.Kc1 Ke6 47.Bd1 f5 48.Ra6
Kd7 49.gxf5 gxf5 50.Bc2 Kd6 51.Bxf5 Rf7 52.Bc2 1-0

[Event "Xtracon Chess Open 2018"]
[Site "Elsinore"]
[Date "2018.07.21"]
[Round "1"]
[White "Jonsson, Olafur Gisli"]
[Black "Tryggestad, Andreas Garberg"]
[Result "0-1"]
[WhiteElo "1844"]
[BlackElo "2302"]
[EventDate "2018.07.21"]
[WhiteFideId "2302705"]
[BlackFideId "1513338"]

1.e4 c5 2.Nf3 e6 3.d4 cxd4 4.Nxd4 a6 5.Bd3 g6 6.O-O Bg7 7.Be3 Ne7 8.Nc3 
Nbc6 9.Nxc6 bxc6 10.Qd2 d5 11.Bh6 O-O 12.Bxg7 Kxg7 13.Rad1 Qd6 14.Na4 e5 
15.Qc3 Rb8 16.a3 Rd8 17.b4 dxe4 18.Bxe4 Nd5 19.Qg3 f5 20.Bf3 Qf6 21.h4 Be6
22.Nc5 Nc3 23.Rxd8 Rxd8 24.Qg5 Bc4 25.Re1 e4 26.Qf4 Qd6 27.Qe3 Qd2 28.Nxe4
Qxe3 29.Rxe3 Nxe4 30.Bxe4 Rd1+ 31.Kh2 fxe4 32.Rxe4 Bd5 33.Re7+ Kf6 34.Rxh7
Rd2 35.Kg3 Rxc2 36.h5 Rc3+ 37.f3 gxh5 38.Rxh5 Rxa3 39.Kf4 Ra4 40.Rh6+ Kg7 
41.Kg5 Rxb4 42.Rh1 Rb2 43.g4 Bxf3 0-1

[Event "Xtracon Chess Open 2018"]
[Site "Elsinore"]
[Date "2018.07.21"]
[Round "1"]
[White "Thogersen, Rasmus"]
[Black "Sjol, Henrik"]
[Result "1-0"]
[WhiteElo "2297"]
[BlackElo "1841"]
[EventDate "2018.07.21"]
[WhiteFideId "1431412"]
[BlackFideId "1505629"]

1.e4 c6 2.d4 d5 3.Nc3 dxe4 4.Nxe4 Bf5 5.Ng3 Bg6 6.h4 h6 7.Nf3 Nd7 8.h5 Bh7
9.Bd3 Bxd3 10.Qxd3 e6 11.Bd2 Ngf6 12.O-O-O Be7 13.Kb1 Qc7 14.Ne4 Nxe4 15.
Qxe4 Nf6 16.Qe2 O-O-O 17.Ne5 Bd6 18.c4 c5 19.Bc3 Rhe8 20.g4 cxd4 21.Bxd4 
Bxe5 22.Bxe5 Qc6 23.f3 Rxd1+ 24.Rxd1 Rd8 25.Rxd8+ Kxd8 26.Qd3+ Ke7 27.Qa3+
Ke8 28.Qxa7 Qxf3 29.Qb8+ Kd7 30.Qc7+ Ke8 31.a3 Qh1+ 32.Ka2 Qc6 33.Qxc6+ 
bxc6 34.Bxf6 gxf6 35.c5 Kd7 36.Kb3 Kc7 37.Kc4 Kb7 38.b4 e5 39.a4 Ka6 40.
b5+ cxb5+ 41.axb5+ Kb7 42.Kd5 Kc8 43.c6 Kc7 44.Kc5 Kc8 45.b6 Kb8 46.Kd6 
1-0

[Event "Xtracon Chess Open 2018"]
[Site "Elsinore"]
[Date "2018.07.21"]
[Round "1"]
[White "Matras, Ove"]
[Black "Goff, Ronan Le"]
[Result "0-1"]
[WhiteElo "1839"]
[BlackElo "2295"]
[EventDate "2018.07.21"]
[WhiteFideId "1416790"]
[BlackFideId "612073"]

1.e4 e5 2.Nf3 Nc6 3.Bb5 g6 4.Bxc6 dxc6 5.d3 Bg7 6.Nbd2 Be6 7.b3 c5 8.Bb2 
f6 9.Qe2 Ne7 10.h3 Nc6 11.a3 a5 12.O-O O-O 13.c3 Qd7 14.Rfd1 Qf7 15.c4 a4 
16.bxa4 Rxa4 17.Nf1 Nd4 18.Nxd4 cxd4 19.Rdb1 Rfa8 20.f4 Bf8 21.Nh2 b6 22.
Nf3 Qg7 23.fxe5 fxe5 24.Ng5 Qe7 25.Nxe6 Qxe6 26.Bc1 Bxa3 27.Qc2 R4a5 28.
Bd2 R5a7 29.Bh6 Be7 30.Rxa7 Rxa7 31.Qd2 Ra8 32.Rf1 Bf8 33.Bg5 Bg7 34.Rf3 
Rf8 35.Rxf8+ Bxf8 36.Bd8 Qd6 37.Bg5 Be7 38.Qa2 Qa3 39.Qxa3 Bxa3 40.Kf2 Kf7
41.Kf3 Be7 42.Bd2 Ke6 43.Kg4 c6 44.Bc1 b5 45.h4 Bb4 46.cxb5 cxb5 47.h5 Bc3
48.Kg5 Kf7 49.Kh6 gxh5 50.Kxh5 b4 51.Kh6 b3 52.Kxh7 b2 53.Bxb2 Bxb2 54.g4 
Bc1 0-1

[Event "Xtracon Chess Open 2018"]
[Site "Elsinore"]
[Date "2018.07.21"]
[Round "1"]
[White "Lammers, Markus"]
[Black "Kallenbach, Olav"]
[Result "1-0"]
[WhiteElo "2293"]
[BlackElo "1838"]
[EventDate "2018.07.21"]
[WhiteFideId "4680847"]
[BlackFideId "1414852"]

1.Nf3 f5 2.d4 Nf6 3.c4 e6 4.g3 Be7 5.Bg2 O-O 6.O-O d5 7.Nc3 c6 8.Qc2 a5 9.
Rd1 Ne4 10.b3 Nd7 11.Bb2 g5 12.Rac1 Qe8 13.Ne1 Qh5 14.Nd3 Rf6 15.e3 b6 16.
Qe2 Qf7 17.Na4 Ba6 18.Ne5 Nxe5 19.dxe5 Rg6 20.Nxb6 Rb8 21.Nd7 Rb7 22.Bxe4 
Rxd7 23.Bf3 Rh6 24.Bg2 g4 25.f4 gxf3 26.Bxf3 Bg5 27.Qe1 dxc4 28.h4 Bd8 29.
Bxc6 Rxd1 30.Rxd1 Bb6 31.Bd4 Qc7 32.Bg2 cxb3 33.axb3 Rg6 34.Bxb6 Qxb6 35.
Rd6 Qa7 36.h5 Rh6 37.Bf3 Bb5 38.Qc3 Kf7 39.Kf2 Ke7 40.Qc8 a4 41.Bc6 Bxc6 
42.Rxc6 1-0

[Event "Xtracon Chess Open 2018"]
[Site "Elsinore"]
[Date "2018.07.21"]
[Round "1"]
[White "Rasmussen, Morten"]
[Black "Mikalsen, Erlend"]
[Result "0-1"]
[WhiteElo "1837"]
[BlackElo "2292"]
[EventDate "2018.07.21"]
[WhiteFideId "1410865"]
[BlackFideId "1507338"]

1.d4 Nf6 2.c4 e6 3.g3 d5 4.Nf3 dxc4 5.Qa4+ Nbd7 6.Qxc4 a6 7.Bg2 b5 8.Qc2 
Bb7 9.O-O c5 10.e3 Rc8 11.Qe2 Qb6 12.b3 Be7 13.Bb2 O-O 14.Nc3 c4 15.bxc4 
Rxc4 16.Rac1 Rfc8 17.Nb1 Be4 18.Nc3 Bb7 19.Nb1 Qa5 20.Rxc4 Rxc4 21.Ne5 
Bxg2 22.Nxc4 Bxf1 23.Kxf1 bxc4 24.Qxc4 Ne4 25.Nc3 Nd2+ 0-1

[Event "Xtracon Chess Open 2018"]
[Site "Elsinore"]
[Date "2018.07.21"]
[Round "1"]
[White "Debarshi, Mukherjee"]
[Black "Satre, Roger"]
[Result "1-0"]
[WhiteElo "2292"]
[BlackElo "1834"]
[EventDate "2018.07.21"]
[WhiteFideId "5007291"]
[BlackFideId "1510320"]

1.c4 e5 2.g3 Nc6 3.Bg2 g6 4.Nc3 Bg7 5.e4 d6 6.Nge2 Be6 7.d3 Qd7 8.Nd5 Nce7
9.d4 c6 10.Ne3 f5 11.d5 cxd5 12.cxd5 Bf7 13.Nc3 Nf6 14.Bh3 O-O 15.O-O b5 
16.a3 a5 17.Qf3 b4 18.axb4 axb4 19.Rxa8 Rxa8 20.Nb1 Qb5 21.exf5 Nexd5 22.
fxg6 hxg6 23.Nd2 Qd3 24.Nxd5 Qxd5 25.Bg2 Qxf3 26.Nxf3 e4 27.Ng5 Bc4 28.Re1
d5 29.Ne6 Nd7 30.Nxg7 Nc5 31.Ne6 Nxe6 32.Be3 Ra2 33.Bh3 Kf7 34.Bxe6+ Kxe6 
35.Bd4 Ra8 36.f4 b3 37.Kf2 Bd3 38.Rc1 Bc2 39.g4 Rf8 40.Ke3 Rf7 41.h4 Rh7 
42.Rh1 Bd3 43.h5 gxh5 44.f5+ Kd6 45.Rxh5 Rf7 46.Rh6+ Ke7 47.Rb6 1-0

[Event "Xtracon Chess Open 2018"]
[Site "Elsinore"]
[Date "2018.07.21"]
[Round "1"]
[White "Kleimark, Anders"]
[Black "Larsen, Jens Evald"]
[Result "1-0"]
[WhiteElo "2024"]
[BlackElo "1433"]
[EventDate "2018.07.21"]
[WhiteFideId "1709968"]
[BlackFideId "1409603"]

1.d4 d5 2.c4 e6 3.Nf3 Nf6 4.g3 Be7 5.Bg2 O-O 6.O-O b6 7.Qc2 h6 8.Nc3 Bb7 
9.Bf4 a6 10.cxd5 exd5 11.Na4 Bd6 12.Bxd6 Qxd6 13.Rac1 Nc6 14.e3 Rac8 15.
Bh3 Nd7 16.Qf5 Nf6 17.Qf4 Qxf4 18.gxf4 Rcd8 19.Ne5 Rd6 20.Rc2 b5 21.Nc5 
Bc8 22.Bxc8 Rxc8 23.Nb7 Re6 24.Rxc6 1-0

[Event "Xtracon Chess Open 2018"]
[Site "Elsinore"]
[Date "2018.07.21"]
[Round "1"]
[White "Hviid, Hans Henrik"]
[Black "Rasmussen, Lars Garne"]
[Result "0-1"]
[WhiteElo "1173"]
[BlackElo "1995"]
[EventDate "2018.07.21"]
[WhiteFideId "1425374"]
[BlackFideId "1406434"]

1.e4 e5 2.Nc3 Nf6 3.d3 d5 4.Bg5 d4 5.Nd5 Nbd7 6.Nf3 c6 7.Nxf6+ Nxf6 8.Nxe5
Qa5+ 9.Qd2 Qxe5 10.Bf4 Qb5 11.c3 Be6 12.a3 Rd8 13.Be2 Bc5 14.O-O dxc3 15.
Qc2 Qxb2 16.Qxb2 cxb2 17.Rab1 Bxa3 18.Be5 Ba2 19.Bxb2 Bxb1 20.Bxa3 Bxd3 
21.Bxd3 Rxd3 22.Bc5 b6 23.Be3 O-O 24.Re1 Rfd8 25.Kf1 Rd1 26.Ke2 Rxe1+ 0-1

[Event "Xtracon Chess Open 2018"]
[Site "Elsinore"]
[Date "2018.07.21"]
[Round "1"]
[White "Aase, Olav Idar"]
[Black "Rewitz, Poul"]
[Result "0-1"]
[WhiteElo "1832"]
[BlackElo "2289"]
[EventDate "2018.07.21"]
[WhiteFideId "1502646"]
[BlackFideId "1401033"]

1.e4 c6 2.d4 d5 3.f3 e6 4.Bd3 dxe4 5.fxe4 Qxd4 6.Nf3 Qb6 7.Nc3 Bb4 8.Bd2 
Nd7 9.a3 Bxc3 10.Bxc3 Qe3+ 11.Be2 Ngf6 12.e5 Ng4 13.Bd4 Qh6 14.Qd3 c5 15.
Qe4 Qg6 16.Qxg6 hxg6 17.Bc3 b6 18.Bb5 a6 19.Bc6 Ra7 20.Ke2 Rc7 21.Bxd7+ 
Bxd7 22.h3 Bb5+ 23.Ke1 Ne3 24.Kf2 Nd5 25.Bd2 f6 26.g4 Bc6 27.Rae1 Kf7 28.
Kg3 Ne7 29.Rhf1 Bxf3 30.Rxf3 Rd7 31.Bc3 f5 32.Rf2 Rhd8 33.h4 Rd1 34.Rff1 
Rxe1 35.Rxe1 Rd5 36.g5 Nc6 37.Re2 b5 38.b3 Rd1 39.Kf4 b4 40.axb4 cxb4 41.
Bd2 Nd4 42.Rh2 Nxc2 43.Kg3 a5 44.Bf4 Rd3+ 0-1

[Event "Xtracon Chess Open 2018"]
[Site "Elsinore"]
[Date "2018.07.21"]
[Round "1"]
[White "Jacobsen, Per"]
[Black "Klings, Peter"]
[Result "0-1"]
[WhiteElo "1590"]
[BlackElo "2102"]
[EventDate "2018.07.21"]
[WhiteFideId "1413856"]
[BlackFideId "4631234"]

1.d4 Nf6 2.e3 g6 3.f4 Bg7 4.Bd3 d6 5.Nf3 O-O 6.O-O Nc6 7.c3 e5 8.fxe5 dxe5
9.dxe5 Ng4 10.e6 Bxe6 11.Nd4 Qd6 12.g3 Nxd4 13.exd4 Bxd4+ 14.cxd4 Qxd4+ 
15.Kg2 Bd5+ 16.Kh3 Nf2+ 17.Rxf2 Qxf2 18.Qf1 Be6+ 19.g4 Qd4 20.Qf3 h5 21.
Bf5 gxf5 22.gxf5 Qg4+ 23.Qxg4+ hxg4+ 24.Kxg4 Bc4 25.Nc3 Rfe8 26.Bh6 f6 27.
Rg1 Kf7 28.Kh5 Rg8 29.Re1 Rad8 30.h4 Rd4 31.Rc1 Bd3 32.Rd1 Rh8 33.Ne2 0-1

[Event "Xtracon Chess Open 2018"]
[Site "Elsinore"]
[Date "2018.07.21"]
[Round "1"]
[White "Vesterli, Michael E."]
[Black "Sorensen, Bernhard W."]
[Result "1-0"]
[WhiteElo "2159"]
[BlackElo "1691"]
[EventDate "2018.07.21"]
[WhiteFideId "1417339"]
[BlackFideId "1442074"]

1.d4 e6 2.c4 f5 3.Nc3 Nf6 4.Nf3 d5 5.Bf4 c6 6.e3 Be7 7.Bd3 O-O 8.Qc2 Ne4 
9.g4 Nd7 10.gxf5 exf5 11.cxd5 Nxc3 12.bxc3 cxd5 13.Bxf5 Nf6 14.Bd3 h6 15.
Rg1 Kh8 16.Ne5 Nh5 17.Ng6+ Kg8 18.Nxf8 Nxf4 19.Ng6 Nxd3+ 20.Qxd3 Bd6 21.
Ne5 Qc7 22.f4 b6 23.Kd2 Qe7 24.Qg6 Kf8 25.Qh7 Qf6 26.Qh8+ Ke7 27.Rxg7+ 1-0

[Event "Xtracon Chess Open 2018"]
[Site "Elsinore"]
[Date "2018.07.21"]
[Round "1"]
[White "Haugli, Petter"]
[Black "Sandbech, Ted Henrik"]
[Result "1-0"]
[WhiteElo "2231"]
[BlackElo "1775"]
[EventDate "2018.07.21"]
[WhiteFideId "1500104"]
[BlackFideId "1409751"]

1.c4 d5 2.cxd5 Qxd5 3.Nc3 Qd8 4.d4 c6 5.e4 Nf6 6.Nf3 Bg4 7.Be2 e6 8.Be3 
Be7 9.O-O O-O 10.Qb3 Qb6 11.Qc2 Qd8 12.h3 Bh5 13.g4 Bg6 14.Ne5 Nbd7 15.f4 
h6 16.Nxg6 fxg6 17.e5 Nd5 18.Nxd5 exd5 19.Qxg6 Qe8 20.Qd3 Bh4 21.Bd1 Rf7 
22.Bc2 Nf8 23.Rf3 Qe7 24.Raf1 Rc8 25.a3 b6 26.Kg2 g6 27.f5 g5 28.Qd2 Qd8 
29.b4 Rfc7 30.Bg1 c5 31.dxc5 a5 32.Bb3 1-0

[Event "Xtracon Chess Open 2018"]
[Site "Elsinore"]
[Date "2018.07.21"]
[Round "1"]
[White "Foisor, Sabina-Francesca"]
[Black "Nielsen, Henrik Wendelbo"]
[Result "1-0"]
[WhiteElo "2285"]
[BlackElo "1831"]
[EventDate "2018.07.21"]
[WhiteFideId "1212915"]
[BlackFideId "1412302"]

1.d4 e6 2.c4 b6 3.Nf3 Bb7 4.g3 Nf6 5.Bg2 Bb4+ 6.Bd2 Bxd2+ 7.Qxd2 O-O 8.O-O
d6 9.b3 Nbd7 10.Qb2 Rc8 11.Rd1 Qe7 12.a4 a5 13.Nc3 d5 14.Rac1 Ba8 15.cxd5 
exd5 16.Nh4 g6 17.Bf3 Ne4 18.Ng2 Ndf6 19.Nf4 Rfd8 20.Rc2 Nxc3 21.Qxc3 Bb7 
22.Rdc1 Qd6 23.e3 h5 24.Bg2 g5 25.Nh3 g4 26.Nf4 c6 27.Qd3 Kg7 28.Qf5 Rh8 
29.h3 Rcg8 30.h4 Kh6 31.Nd3 Rg7 32.Ne5 Bc8 33.Qf4+ 1-0

[Event "Xtracon Chess Open 2018"]
[Site "Elsinore"]
[Date "2018.07.21"]
[Round "1"]
[White "Pavlov, Mikhail"]
[Black "Jorgensen, Brian"]
[Result "0-1"]
[WhiteElo "1830"]
[BlackElo "2281"]
[EventDate "2018.07.21"]
[WhiteFideId "44126573"]
[BlackFideId "1401599"]

1.e4 e6 2.d4 d5 3.e5 c5 4.c3 Qb6 5.Nf3 Nc6 6.Na3 Bd7 7.Nc2 f6 8.Bd3 c4 9.
Be2 fxe5 10.Nxe5 Nxe5 11.dxe5 Ne7 12.Nd4 g6 13.Qc2 Bg7 14.Be3 Qc7 15.f4 a6
16.O-O-O O-O-O 17.Bg4 Nf5 18.Bxf5 gxf5 19.Qf2 b5 20.Nc2 Kb7 21.Bc5 Bf8 22.
Bxf8 Rdxf8 23.Nd4 a5 24.Qc2 Qb6 25.Kb1 b4 26.Ka1 Ka8 27.Qd2 Rb8 28.Rhg1 
Rhg8 29.g3 Rb7 30.a3 Rgb8 31.cxb4 Qa7 32.b5 Bxb5 33.Qc3 Bd7 34.Rg2 Qc5 35.
Re2 Rb6 36.Rg2 Be8 37.Rc1 Ba4 38.Re1 Rb3 39.Nxb3 Rxb3 40.Qc1 c3 41.Rc2 
cxb2+ 42.Rxb2 Rc3 43.Qd2 Bc2 44.Qxc3 Qxc3 45.Rc1 Qxa3+ 0-1

[Event "Xtracon Chess Open 2018"]
[Site "Elsinore"]
[Date "2018.07.21"]
[Round "1"]
[White "Baum, Bernd"]
[Black "Syndergaard, Stig"]
[Result "1-0"]
[WhiteElo "2280"]
[BlackElo "1830"]
[EventDate "2018.07.21"]
[WhiteFideId "4611853"]
[BlackFideId "1432435"]

1.Nf3 d5 2.g3 c5 3.Bg2 Nc6 4.d4 Bf5 5.O-O e6 6.c4 dxc4 7.Qa4 Qa5 8.Qxa5 
Nxa5 9.Na3 Rc8 10.Bd2 Nc6 11.dxc5 Bxc5 12.Nxc4 Nge7 13.Be3 b5 14.Bxc5 bxc4
15.Rfc1 Rb8 16.Ba3 Na5 17.Ne5 Rc8 18.g4 Bg6 19.Bb4 f6 20.Nxg6 1-0

[Event "Xtracon Chess Open 2018"]
[Site "Elsinore"]
[Date "2018.07.21"]
[Round "1"]
[White "Nesse, David"]
[Black "O`Gorman, Tom"]
[Result "0-1"]
[WhiteElo "1825"]
[BlackElo "2280"]
[EventDate "2018.07.21"]
[WhiteFideId "1519875"]
[BlackFideId "2508249"]

1.e4 c5 2.Nf3 d6 3.d4 cxd4 4.Nxd4 Nf6 5.Nc3 a6 6.h3 e6 7.g4 b5 8.g5 Nfd7 
9.a3 Bb7 10.Be3 Qc7 11.h4 Nb6 12.h5 N8d7 13.Rh3 Nc4 14.Bxc4 Qxc4 15.Qf3 
Ne5 16.Qg3 b4 17.Na4 bxa3 18.b3 Qc7 19.g6 Bxe4 20.gxf7+ Qxf7 21.Rh4 Nf3+ 
22.Nxf3 Qxf3 23.Qxf3 Bxf3 24.Nb6 Rd8 25.Rxa3 Be7 26.Rh3 Bb7 27.Rg3 O-O 28.
Ra4 Bf6 29.Bg5 Bxg5 30.Rxg5 e5 31.c4 Rf4 32.c5 dxc5 33.Rxe5 Bf3 34.Ra1 
Rfd4 0-1

[Event "Xtracon Chess Open 2018"]
[Site "Elsinore"]
[Date "2018.07.21"]
[Round "1"]
[White "Storme, Isak"]
[Black "Dishman, Matthew"]
[Result "1-0"]
[WhiteElo "2277"]
[BlackElo "1820"]
[EventDate "2018.07.21"]
[WhiteFideId "1728113"]
[BlackFideId "438642"]

1.e4 c6 2.c4 d5 3.cxd5 cxd5 4.exd5 Nf6 5.Nc3 Nxd5 6.Nf3 Nc6 7.Bc4 Nb6 8.
Bb5 Bd7 9.d4 e6 10.O-O Be7 11.Re1 O-O 12.Bd3 Nb4 13.Bb1 N6d5 14.Ne5 Rc8 
15.Ne4 Nf6 16.Nxf6+ Bxf6 17.Qb3 Bxe5 18.dxe5 Nc6 19.Qd3 g6 20.Bh6 Qa5 21.
b4 Qxb4 22.Bc2 Rfd8 23.Bg5 Qc5 24.Bxd8 Rxd8 25.Rad1 Nb4 26.Qd6 Qxd6 27.
Rxd6 Kf8 28.Ba4 Ke7 29.Bxd7 Rxd7 30.Rxd7+ Kxd7 31.Rb1 Nxa2 32.Rxb7+ Ke8 
33.Rxa7 Nc3 34.Ra8+ Ke7 35.g4 Ne4 36.Kg2 Nc3 37.Rh8 Ne2 38.Rxh7 Kf8 39.
Rh8+ Kg7 40.Rd8 Nf4+ 41.Kf3 Nh3 42.Kg3 Ng5 43.Rd4 1-0

[Event "Xtracon Chess Open 2018"]
[Site "Elsinore"]
[Date "2018.07.21"]
[Round "1"]
[White "Hafstad, Leif"]
[Black "Buchenau, Frank"]
[Result "0-1"]
[WhiteElo "1817"]
[BlackElo "2275"]
[EventDate "2018.07.21"]
[WhiteFideId "438030"]
[BlackFideId "4604350"]

1.e4 e6 2.d4 d5 3.Nd2 Nc6 4.Ngf3 Nf6 5.e5 Nd7 6.c3 f6 7.exf6 Qxf6 8.Bd3 
Bd6 9.O-O O-O 10.Qc2 h6 11.Qb3 b6 12.Bb1 Rf7 13.Qc2 Nf8 14.Re1 e5 15.Nf1 
e4 16.Ne5 Nxe5 17.dxe5 Bxe5 18.a4 Ba6 19.Be3 c5 20.Ba2 Bd3 21.Qd1 Rd8 22.
Qg4 Ne6 23.Ng3 Nf4 24.Bxf4 Qxf4 25.Qxf4 Bxf4 26.Rad1 c4 27.Ne2 Be5 28.Nc1 
Bf4 29.Nxd3 exd3 30.b3 d4 31.g3 d2 32.Re4 dxc3 33.Rxc4 Re8 34.Kf1 Rfe7 35.
gxf4 Re1+ 36.Kg2 Rxd1 37.Rxc3 Rg1+ 38.Kxg1 d1=Q+ 39.Kg2 Qd2 0-1

[Event "Xtracon Chess Open 2018"]
[Site "Elsinore"]
[Date "2018.07.21"]
[Round "1"]
[White "Song, Edward"]
[Black "Hansen, Simon L."]
[Result "1-0"]
[WhiteElo "2275"]
[BlackElo "1816"]
[EventDate "2018.07.21"]
[WhiteFideId "2051192"]
[BlackFideId "1446894"]

1.e4 c5 2.Nc3 d6 3.f4 Nf6 4.Nf3 Nc6 5.Bb5 a6 6.Bxc6+ bxc6 7.O-O g6 8.d3 
Bg7 9.Qe1 O-O 10.Qh4 Nd7 11.f5 Ne5 12.Bh6 Nxf3+ 13.Rxf3 Bf6 14.Bg5 h5 15.
Raf1 Kg7 16.Kh1 Ra7 17.fxg6 fxg6 18.e5 dxe5 19.Ne4 Bf5 20.Rxf5 gxf5 21.
Rxf5 Rf7 22.Qxh5 Qh8 23.Nxf6 exf6 24.Bxf6+ Rxf6 25.Qxh8+ Kxh8 26.Rxf6 c4 
27.Rxc6 cxd3 28.cxd3 Rd7 29.h3 1-0

[Event "Xtracon Chess Open 2018"]
[Site "Elsinore"]
[Date "2018.07.21"]
[Round "1"]
[White "Koellner, Felicitas Ophelia"]
[Black "Matthiesen, Martin"]
[Result "0-1"]
[WhiteElo "1815"]
[BlackElo "2273"]
[EventDate "2018.07.21"]
[WhiteFideId "16207521"]
[BlackFideId "1404067"]

1.d4 Nf6 2.Bg5 Ne4 3.Bf4 d5 4.e3 c5 5.c3 Qb6 6.Qc1 Nc6 7.Bd3 Bf5 8.Bc2 
cxd4 9.exd4 e5 10.Be3 exd4 11.cxd4 Nb4 12.Ne2 Nxc2+ 13.Qxc2 Ng3 14.Qa4+ 
Bd7 15.Qc2 Nxh1 16.Nbc3 Rc8 17.Qd2 Bb4 18.a3 Bxc3 19.Nxc3 Qd6 20.Bf4 Qa6 
21.Qe2+ Qxe2+ 22.Kxe2 Nxf2 23.Kxf2 Be6 24.Re1 Kd7 25.Re2 Rc4 26.Rd2 Rhc8 
27.h3 Rxc3 28.bxc3 Rxc3 29.Rb2 Kc6 30.Ra2 Kb5 31.Rb2+ Ka6 32.Ra2 Rd3 33.
Be3 Ka5 34.Ke2 Rb3 35.Bd2+ Ka4 36.Bb4 Bf5 37.Rd2 Be4 38.Kf2 Rd3 39.Rxd3 
Bxd3 40.g3 h5 41.Ke3 Bf5 42.h4 a5 43.Bc5 b5 44.Kd2 Kb3 45.Bd6 Kb2 46.Bc5 
Bd7 47.Kd3 b4 48.axb4 a4 49.Bf8 a3 50.Bxg7 a2 0-1

[Event "Xtracon Chess Open 2018"]
[Site "Elsinore"]
[Date "2018.07.21"]
[Round "1"]
[White "Laubsch, Bernd"]
[Black "Nielsen, Kai Gylling"]
[Result "1-0"]
[WhiteElo "2269"]
[BlackElo "1813"]
[EventDate "2018.07.21"]
[WhiteFideId "4663314"]
[BlackFideId "1406400"]

1.e4 c6 2.d4 d5 3.Nc3 dxe4 4.Nxe4 Bf5 5.Ng3 e6 6.Nf3 h6 7.Nxf5 Qa5+ 8.Bd2 
Qxf5 9.Bd3 Qd5 10.Qe2 Nf6 11.c4 Qd7 12.Bc3 Be7 13.O-O-O Qc7 14.Ne5 Nbd7 
15.f4 Nxe5 16.fxe5 Nh7 17.Kb1 O-O-O 18.Rhf1 Rdf8 19.Qg4 f5 20.exf6 Nxf6 
21.Qxe6+ Kb8 22.d5 Bd6 23.dxc6 bxc6 24.g3 Re8 25.Qf5 Rhf8 26.Qg6 Be5 27.
Bxe5 Rxe5 28.Bc2 Rfe8 29.Rf3 Re1 30.Rb3+ Ka8 31.Rd3 Rxd1+ 32.Bxd1 Re1 33.
a3 Re5 34.Rf3 Re1 35.Qd3 Qb6 36.Ka2 Re7 37.Qf5 Rb7 38.Rb3 Qc7 39.Rxb7 Kxb7
40.Bf3 Qf7 41.Qb5+ 1-0

[Event "Xtracon Chess Open 2018"]
[Site "Elsinore"]
[Date "2018.07.21"]
[Round "1"]
[White "Kristian, Pade Frederiksen"]
[Black "Bach, Matthias"]
[Result "0-1"]
[WhiteElo "1808"]
[BlackElo "2267"]
[EventDate "2018.07.21"]
[WhiteFideId "1435205"]
[BlackFideId "4603168"]

1.d4 Nf6 2.c4 c5 3.d5 e6 4.Nc3 exd5 5.cxd5 d6 6.e4 g6 7.Bd3 Bg7 8.Nf3 O-O 
9.O-O Bg4 10.h3 Bxf3 11.Qxf3 a6 12.a4 Nbd7 13.Qd1 Qe7 14.Bf4 Rfe8 15.Re1 
Ne5 16.Bc2 Nfd7 17.Rb1 c4 18.Re3 Nc5 19.Bxe5 Bxe5 20.g3 Qd7 21.Kg2 b5 22.
f4 Bg7 23.e5 dxe5 24.f5 gxf5 25.Qh5 e4 26.Rf1 Re5 27.Rf4 Rae8 28.axb5 axb5
29.Rh4 h6 30.Ne2 f4 0-1

[Event "Xtracon Chess Open 2018"]
[Site "Elsinore"]
[Date "2018.07.21"]
[Round "1"]
[White "Svane, Frederik"]
[Black "Rolstad, Morten"]
[Result "1-0"]
[WhiteElo "2266"]
[BlackElo "1805"]
[EventDate "2018.07.21"]
[WhiteFideId "12923044"]
[BlackFideId "1525026"]

1.e4 c5 2.Nf3 g6 3.d4 cxd4 4.Nxd4 Nf6 5.Nc3 Nc6 6.Be3 Bg7 7.Be2 O-O 8.O-O 
d5 9.exd5 Nxd5 10.Nxd5 Qxd5 11.Bf3 Qa5 12.Bxc6 bxc6 13.c3 Qc7 14.Qa4 Bd7 
15.Nb3 Rfb8 16.Bc5 Bf6 17.Rfe1 Bc8 18.Qa3 Kf8 19.Re3 Qb7 20.Rae1 Be6 21.
R3e2 Kg8 22.Nd4 Bc4 23.Bxe7 Bxe7 24.Rxe7 Qxb2 25.Qa5 Bd5 26.Qc5 Qxa2 27.
Qd6 Qd2 28.Nxc6 Qg5 29.g3 Bxc6 30.Qxc6 Rc8 31.Qf3 Qf5 32.Qxf5 gxf5 33.R1e5
Rxc3 34.Rxf5 a5 35.Rfxf7 a4 36.Rg7+ Kf8 37.Rxh7 a3 38.Ra7 Kg8 39.Rhc7 Rxa7
40.Rxa7 Kf8 41.h4 1-0

[Event "Xtracon Chess Open 2018"]
[Site "Elsinore"]
[Date "2018.07.21"]
[Round "1"]
[White "Jorgensen, Alexander Torp"]
[Black "Solberg, Joachim"]
[Result "1/2-1/2"]
[WhiteElo "1803"]
[BlackElo "2263"]
[EventDate "2018.07.21"]
[WhiteFideId "1434187"]
[BlackFideId "1502930"]

1.e4 c5 2.c4 Nc6 3.Nc3 g6 4.g3 Bg7 5.Bg2 d6 6.Nge2 a6 7.O-O Rb8 8.d3 b5 9.
Rb1 Nd4 10.Bd2 e6 11.Qc1 b4 12.Nxd4 bxc3 13.Nc6 cxd2 14.Qxd2 Qc7 15.Nxb8 
Qxb8 16.Qa5 Ne7 17.Qa4+ Bd7 18.Qxa6 O-O 19.a3 Nc6 20.b4 cxb4 21.axb4 Nd4 
22.b5 Bc8 23.Qa2 Qb6 24.Rb4 Bb7 25.Ra4 f5 26.Re1 fxe4 27.Bxe4 Nf3+ 28.Bxf3
Rxf3 29.Rxe6 Rxf2 30.Re8+ Kf7 31.Qxf2+ Qxf2+ 32.Kxf2 Kxe8 33.Ke3 Bh6+ 34.
Kd4 1/2-1/2